5HLuxD.jpg

KING HENRY VIII SENIOR AND PRIMARY SCHOOL LIBRARY OPAC

The return of the king / (Record no. 3764)

000 -LEADER
fixed length control field 00820nam a22002417a 4500
003 - CONTROL NUMBER IDENTIFIER
control field OSt
005 - DATE AND TIME OF LATEST TRANSACTION
control field 20241022114716.0
008 - FIXED-LENGTH DATA ELEMENTS--GENERAL INFORMATION
fixed length control field 241022b ||||| |||| 00| 0 eng d
020 ## - INTERNATIONAL STANDARD BOOK NUMBER
International Standard Book Number 9780008537791
040 ## - CATALOGING SOURCE
Transcribing agency KH8
082 ## - DEWEY DECIMAL CLASSIFICATION NUMBER
Classification number FIC TOL
100 ## - MAIN ENTRY--PERSONAL NAME
Personal name Tolkien, J. R.R. ,
Relator term author.
245 ## - TITLE STATEMENT
Title The return of the king /
Statement of responsibility, etc. J. R. R. Tolkien.
260 ## - PUBLICATION, DISTRIBUTION, ETC.
Place of publication, distribution, etc. London ;
Name of publisher, distributor, etc. HarperCollins Publishers,
Date of publication, distribution, etc. 2022.
300 ## - PHYSICAL DESCRIPTION
Extent xii, 978-1567 pages :
Other physical details maps ;
Dimensions 18 cm.
490 ## - SERIES STATEMENT
Series statement The lord of the rings
Volume/sequential designation part 3
500 ## - GENERAL NOTE
General note Includes index.
520 ## - SUMMARY, ETC.
Summary, etc. Begin your journey into Middle-earth. A New Legend Begins on Prime Video, in The Lord of the Rings: The Rings of Power.
650 ## - SUBJECT ADDED ENTRY--TOPICAL TERM
Topical term or geographic name entry element Fantasy fiction
650 ## - SUBJECT ADDED ENTRY--TOPICAL TERM
Topical term or geographic name entry element Middle Earth (Imaginary place) Fiction
650 ## - SUBJECT ADDED ENTRY--TOPICAL TERM
Topical term or geographic name entry element Aragorn, King of Gondor II Fiction
942 ## - ADDED ENTRY ELEMENTS (KOHA)
Source of classification or shelving scheme
Koha item type Books - Fiction
Holdings
Withdrawn status Lost status Source of classification or shelving scheme Damaged status Not for loan Collection code Permanent Location Current Location Shelving location Date acquired Total Checkouts Full call number Barcode Date last seen Date last checked out Price effective from Koha item type
          Fiction KH8 Senior School Library KH8 Senior School Library Fiction 2024-10-22 3 FIC TOL 3KHSL000102109 2025-10-13 2025-09-02 2024-10-22 Books - Fiction

Powered By KH8 IT Dept